00672nam a2200157 a 450000100100000000500170001000800410002704000250006808200160009310000250010924500860013426000530022030000200027350001910029350400300048400003543420200930074335.0111031s1949 cu 000 0 spa d aDO-SdBNPbspacBNPHU axxxxbV131m1 aVaillant Luna, Mario10aMaceo en Mayari :b(aporte a la historia local de Mayari) /cMario Vaillant Luna. aMayari :bImprenta Juan B. Granda Ferrer,c1949. a28 p. ;c20 cm. aHistoriador del término municipal de Mayarí, por acuerdo de su Cámara Municipal de 14 de nov. de 1946, Director de la Biblioteca Pública y de la Escuela Nocturna "Antonio Maceo". aBibliografía : p. [29].